00566nam a22001695i 4500001000700000003000900007005001700016008004100033040002000074100001500094245006000109260004600169300002600215650002200241650001700263852011600280156599ES-MaACL20250815110840.0040802s1887 fr |||| | fre d aCAM bspa cCAM1 aKilian, W.10aSystème crétacé (crétacique) / cpar W. Kilian. aParis : bComptoir Géologique, c[s.a.] aP. 299-356 ; c20 cm.07aGeología2embne04aCretácico. aES-MaACLjT-912-F-7 z-- Enc. hol., conservando la cub. original z-- Legado de Federico de Botella y de Hornos